000 00402 a2200109 4500
001 ART_18529
005 20260410161702.0
008 260409a
245 1 0 _aRégimen de retención del IVA a empresas de limpieza de oficinas, de investigación y seguridad y de recolección de residuos
100 1 _aFerraro, Ricardo H.
773 0 _tRevista Impuestos
_g- Nº 11 (nov. 2011)
_wREV639
999 _c15312
_d15312